| 000 | 00356nam a2200109 4500 | ||
|---|---|---|---|
| 008 | 010211u2001 mu eng | ||
| 022 | _a08919666 | ||
| 245 | 1 | 0 | _aChristian History |
| 260 |
_a465 Gundersen Drive, Carol Stream, IL 60188 : _bChristianity Today Inc., _c2001 |
||
| 440 | 0 | _aChristian History | |
| 951 |
_pSRS000000000044 _j070613110954015 _d2000-12-21 |
||
| 999 |
_c3567 _d3567 |
||